Chân trời mùa hạ Tiểu thuyết
v.v...
Đã lưu trong:
| Tác giả chính: | |
|---|---|
| Định dạng: | Sách |
| Năm xuất bản: |
H.
Hội nhà văn
2007.
|
| Chủ đề: | |
| Tags: |
Thêm thẻ
Không có thẻ, Hãy là người đầu tiên gắn thẻ bản ghi này!
|
| LEADER | 00959nam a2200205 4500 | ||
|---|---|---|---|
| 082 | |a 895.92234 |b H566PH | ||
| 100 | |a Hữu Phương | ||
| 245 | |a Chân trời mùa hạ |c Hữu Phương |b Tiểu thuyết | ||
| 260 | |a H. |b Hội nhà văn |c 2007. | ||
| 300 | |a 583 tr. |c 19 cm | ||
| 520 | |a v.v... | ||
| 653 | |a Văn học hiện đại | ||
| 653 | |a Thế kỷ 21 | ||
| 653 | |a Việt Nam | ||
| 653 | |a Tiểu thuyết | ||
| 942 | |2 ddc |c STK0 | ||
| 999 | |c 2554 |d 2554 | ||
| 952 | |0 0 |1 0 |2 ddc |4 0 |6 895_922340000000000_H566PH |7 1 |8 800 |9 31984 |a qbu |b qbu |c D5 |d 2014-12-14 |g 60000 |o 895.92234 H566PH |p 3632.c1 |r 0000-00-00 |w 2014-12-14 |y STK0 | ||
| 952 | |0 0 |1 0 |2 ddc |4 0 |6 895_922340000000000_H566PH |7 0 |8 800 |9 31985 |a qbu |b qbu |c D5 |d 2014-12-14 |g 60000 |l 2 |o 895.92234 H566PH |p 3632.c2 |r 2015-04-06 |s 2015-03-30 |w 2014-12-14 |y STK0 | ||
| 952 | |0 0 |1 0 |2 ddc |4 0 |6 895_922340000000000_H566PH |7 0 |8 800 |9 31986 |a qbu |b qbu |c D5 |d 2014-12-14 |g 60000 |l 1 |o 895.92234 H566PH |p 3632.c3 |r 2017-02-13 |s 2017-02-10 |w 2014-12-14 |y STK0 | ||